000 00326 a2200157 4500
001 60225
020 _a
040 _cAnchieta - Pituba
100 _aMommsen, Theodor
240 1 0 _aHistória de Roma
_lpor
245 1 0 _aHistória de Roma
300 _a332
362 0 _a1971
650 4 _aHistória do mundo
942 _cBK
999 _c60225
_d60225